| 000 | 00774nam a22002657a 4500 | ||
|---|---|---|---|
| 008 | 130430b xxu||||| |||| 00| 0 eng d | ||
| 020 | _a981-240-387-6 | ||
| 024 | _cAvailable | ||
| 037 | _cAvailable | ||
| 040 |
_aMBSTU LIBRARY _dMBSTU LIBRARY |
||
| 082 |
_222 _a621.9023 SEC |
||
| 100 | _aSeames , Warran S. | ||
| 110 | _aRaldhw, Kiefer. | ||
| 245 | _aComputer numerical control ( concept and programming) | ||
| 250 | _a4th | ||
| 260 |
_aSingapore _bThomson Asia Ltd. _c2002 |
||
| 300 |
_a24 cm. _b438 page _f1 _g24 cm. |
||
| 600 | _aNumerical control. | ||
| 650 | _2Numerical control. | ||
| 700 | _aSeames , Warran S. | ||
| 270 |
_aSingapore _bSingapore _dSingapore |
||
| 365 |
_b3442.00 _d3442.00 |
||
| 942 |
_2ddc _cBK |
||
| 999 |
_c283 _d283 |
||